A kommunikációs folyamatok működése az Inspire Rendezvényügynökség példáján keresztül
| Szerző: | |
|---|---|
| További közreműködők: | |
| Dokumentumtípus: | Projektmunka |
| Kulcsszavak: | kommunikáció kommunikációs folyamat rendezvények rendezvénykommunikáció rendezvényszervezés |
| Online Access: | http://dolgozattar.uni-bge.hu/59663 |
MARC
| LEADER | 00000nnm a2200000 i 4500 | ||
|---|---|---|---|
| 001 | dolg59663 | ||
| 005 | 20260409145405.0 | ||
| 008 | 260409suuuu hu o 000 hun d | ||
| 040 | |a BGE Dolgozattár Repozitórium |b hun | ||
| 041 | |a hu | ||
| 100 | 1 | |a Polovics Lili | |
| 245 | 1 | 2 | |a A kommunikációs folyamatok működése az Inspire Rendezvényügynökség példáján keresztül |c Polovics Lili |h [elektronikus dokumentum] |
| 516 | |a Project_work | ||
| 520 | 3 | |a Projektmunkám fő témája a rendezvénykommunikáció, ehhez mérten alakítottam ki az egyes részeket.Azért választottam a kommunikációs folyamatok bemutatását, mert úgy vélem, hogy a kommunikáció mindennek az alapja. Egy rendezvény előkészületei, lebonyolítása és utómunkálatai során a különböző kommunikációs folyamatoknak kiemelt szerepe van.Hogyan működik a kommunikációs folyamat a külső partnerekkel az Inspire Rendezvényügynökség Kft-nél? Ekképpen hangzik kutatási kérdésem.Szakirodalmi áttekintésem első fejezete során szó esett a rendezvényekről általánosságba véve, majd a második fejezet során a rendezvényszervezés fő folyamatairól, azon belül az EMBOK-modellről, valamint a rendezvényszervezés sikeressége érdekében betartandó lépésekről. Kutatási kérdésem fő eleme, a rendezvénykommunikáció a harmadik szakasz soraiban került bemutatásra, azon belül pedig kitértem a rendezvényeket megelőző kommunikációs folyamatokra, a rendezvényeket követő utókommunikációs folyamatokra, valamint a forgatókönyv szerepére a kommunikációs folyamatok lezajlása során. A harmadik alfejezetben bemutattam a rendezvényszervezés szereplőit, ezen belül az ügyfeleket, azaz a megrendelő feleket, az alvállalkozókat, vagy másnéven szolgáltatókat, végül pedig a rendezvényszervezőket. Utolsó fejezetként ismertettem a szervezés folyamatát az Inspire Rendezvényügynökség keretein belül.A szakirodalmi áttekintést követte a kutatásmódszertan, majd pedig a kutatási eredmények, végül pedig az összefoglalás című fejezetek. | |
| 695 | |a kommunikáció | ||
| 695 | |a kommunikációs folyamat | ||
| 695 | |a rendezvények | ||
| 695 | |a rendezvénykommunikáció | ||
| 695 | |a rendezvényszervezés | ||
| 700 | 1 | |a Boros Dr. Kitti |e ths | |
| 856 | 4 | 0 | |u http://dolgozattar.uni-bge.hu/59663/1/PROJEKTMUNKA%20-%20Polovics%20Lili.pdf |z Dokumentum-elérés |
| 856 | 4 | 0 | |u http://dolgozattar.uni-bge.hu/59663/2/Polovics%20Lili_konzulens_Boros%20Kitti.pdf |z Dokumentum-elérés |